Biblioteca y Centro de Documentación

Los problemas actuales de la negociación colectiva (Registro nro. 2456)

Detalles MARC
000 -CABECERA
Longitud fija campo de control 02164nam a2200457 c 4500
001 - NÚMERO DE CONTROL
Número de control 2456
003 - IDENTIFICADOR DE NÚMERO DE CONTROL
Identificador del número de control ES-MaCES
005 - FECHA Y HORA DE LA ÚLTIMA TRANSACCIÓN
Fecha y hora de la última transacción 20141221121613.0
008 - CAMPO FIJO DE DESCRIPCIÓN FIJA--INFORMACIÓN GENERAL
Códigos de información de longitud fija   941130s1994 sp ||| | spa d
017 ## - NÚMERO DE REGISTRO DE DERECHOS DE AUTOR Y DEPÓSITO LEGAL
Número de copyright o de depósito legal M-18614-1994
Agencia que asigna el número DL
020 ## - ISBN (INTERNATIONAL STANDARD BOOK NUMBER)
Número Internacional Normalizado para Libros (ISBN) 8474348390
035 ## - NÚMERO DE CONTROL DEL SISTEMA
Número de control del sistema CES19980024758m
040 ## - FUENTE DE CATALOGACIÓN
Centro catalogador de origen ES-MaCES
Lengua de catalogación spa
Centro transcriptor ES-MaCES
111 2# - ENCABEZAMIENTO PRINCIPAL--NOMBRE DE REUNIÓN
Nombre de congreso o jurisdicción como elemento de entrada Jornadas de Estudio sobre la Negociación Colectiva
Número del congreso o número de parte o sección de la obra
Fecha del congreso 1993
Sede del congreso Madrid
9 (RLIN) 80
245 14 - MENCIÓN DE TÍTULO
Título Los problemas actuales de la negociación colectiva
Resto del título : VI Jornadas de Estudio sobre la Negociación Colectiva, Madrid, 3 de junio de 1993
Mención de responsabilidad, etc. edición preparada por, Comisión Consultiva Nacional de Convenios Colectivos
260 ## - PUBLICACIÓN, DISTRIBUCIÓN, ETC (PIE DE IMPRENTA)
Lugar de publicación, distribución, etc. Madrid
Nombre del editor, distribuidor, etc. Centro de Publicaciones, Ministerio de Trabajo y Seguridad Social
Fecha de publicación, distribución, etc. D.L. 1994
300 ## - DESCRIPCIÓN FÍSICA
Extensión 283 p.
Dimensiones 22 cm
490 1# - MENCIÓN DE SERIE
Mención de serie Colección Informes y estudios. Serie Relaciones laborales
Designación de volumen o secuencia 6
500 ## - NOTA GENERAL
Nota general Incluye: Informe negociacion colectiva 1992 ; Memoria de actividades 1992 / Comisión Nacional Consultiva de Convenios Colectivos
541 ## - NOTA DE LA FUENTE INMEDIANTE DE ADQUISICIÓN
Forma de adquisición Gratuito
610 14 - ASIENTO SECUNDARIO DE MATERIA--NOMBRE CORPORATIVO
Nombre de entidad corporativa o nombre de jurisdicción como elemento inicial Comisión Consultiva Nacional de Convenios Colectivos (España)
9 (RLIN) 2011
650 #4 - ASIENTO SECUNDARIO DE MATERIA--TÉRMINO DE MATERIA
Término de materia o nombre geográfico como elemento inicial negociación colectiva
9 (RLIN) 28362
650 #4 - ASIENTO SECUNDARIO DE MATERIA--TÉRMINO DE MATERIA
Término de materia o nombre geográfico como elemento inicial convenio colectivo
9 (RLIN) 28361
650 #4 - ASIENTO SECUNDARIO DE MATERIA--TÉRMINO DE MATERIA
Término de materia o nombre geográfico como elemento inicial extensión del convenio colectivo
9 (RLIN) 30041
650 #4 - ASIENTO SECUNDARIO DE MATERIA--TÉRMINO DE MATERIA
Término de materia o nombre geográfico como elemento inicial huelga
9 (RLIN) 28376
650 #4 - ASIENTO SECUNDARIO DE MATERIA--TÉRMINO DE MATERIA
Término de materia o nombre geográfico como elemento inicial derecho de huelga
9 (RLIN) 29350
650 #4 - ASIENTO SECUNDARIO DE MATERIA--TÉRMINO DE MATERIA
Término de materia o nombre geográfico como elemento inicial derecho del trabajo
9 (RLIN) 27165
650 #4 - ASIENTO SECUNDARIO DE MATERIA--TÉRMINO DE MATERIA
Término de materia o nombre geográfico como elemento inicial España
9 (RLIN) 26964
650 #4 - ASIENTO SECUNDARIO DE MATERIA--TÉRMINO DE MATERIA
Término de materia o nombre geográfico como elemento inicial 1992
9 (RLIN) 30809
650 #4 - ASIENTO SECUNDARIO DE MATERIA--TÉRMINO DE MATERIA
Término de materia o nombre geográfico como elemento inicial informe de actividades
9 (RLIN) 28984
650 #4 - ASIENTO SECUNDARIO DE MATERIA--TÉRMINO DE MATERIA
Término de materia o nombre geográfico como elemento inicial memoria anual
9 (RLIN) 28977
653 10 - TÉRMINO DE INDEXACIÓN--NO CONTROLADO
Término no controlado Relaciones laborales-Empleo
710 1# - ENCABEZAMIENTO SECUNDARIO--NOMBRE CORPORATIVO
Nombre de entidad o nombre de jurisdicción como elemento inicial Comisión Consultiva Nacional de Convenios Colectivos (España)
Término indicativo de función col.
9 (RLIN) 2011
710 1# - ENCABEZAMIENTO SECUNDARIO--NOMBRE CORPORATIVO
Nombre de entidad o nombre de jurisdicción como elemento inicial España
Unidad subordinada Ministerio de Trabajo y Seguridad Social
Término indicativo de función ed.
9 (RLIN) 3276
740 02 - ENCABEZAMIENTO SECUNDARIO--TÍTULO ANALÍTICO/RELACIONADO NO CONTROLADO
Título relacionado o analítico no controlado Informe negociación colectiva 1992 / Comisión Consultiva Nacional de Convenios Colectivos
740 02 - ENCABEZAMIENTO SECUNDARIO--TÍTULO ANALÍTICO/RELACIONADO NO CONTROLADO
Título relacionado o analítico no controlado Memoria de actividades 1992 / Comisión Consultiva Nacional de Convenios Colectivos
830 #0 - ENCABEZAMIENTO SECUNDARIO DE COLECCIÓN--TÍTULO UNIFORME
Título uniforme Colección Informes y estudios (España. Ministerio de Trabajo y Seguridad Social)
Nombre de parte o sección de la obra Serie Relaciones laborales
Designación de volumen o secuencia 6
9 (RLIN) 32474
902 ## - CES. TIPO DE DOCUMENTO
Tipodoc (006$c Sirtex) LIB Libro
942 ## - ELEMENTOS KOHA
Fuente de clasificaión o esquema Clasificación propia del CES
Koha [por defecto] tipo de item Monografías
Parte de clasificación 2.0.
Existencias
Número de registro Signatura completa Tipo de item de Koha
007291 DPT-2178 Monografías
© CES, Consejo Económico y Social de España 2021